Ethical Perception of Consumer Insurance Fraud in the Slovak Republic

Na minha lista:
Detalhes bibliográficos
Autor principal: Brokešová, Zuzana, 1985-
Outros Autores: Ondruška, Tomáš, 1988-, Pastoráková, Erika, 1972-
Formato: Capítulo de Livro
Idioma:inglês
Assuntos:
Tags: Adicionar Tag
Sem tags, seja o primeiro a adicionar uma tag!

MARC

LEADER 00000nla a2200000 4500
001 0183705
005 20240502083431.9
041 0 |a eng 
044 |a CH 
245 1 0 |a Ethical Perception of Consumer Insurance Fraud in the Slovak Republic  |c Zuzana Brokešová, Tomáš Ondruška, Erika Pastoráková 
500 |a Abstrakt 
610 2 0 |a Slovensko 
610 2 0 |a poisťovníctvo 
610 2 0 |a poisťovne 
610 2 0 |a trh poistný 
610 2 0 |a podvody poisťovacie 
610 2 0 |a etika 
610 2 0 |a morálka 
100 1 |a Brokešová, Zuzana, 1985- 
700 1 |a Ondruška, Tomáš, 1988- 
700 1 |a Pastoráková, Erika, 1972-